000 00681cam a22002531 4500
001 sa 65007033
003 DLC
005 20260227112146.0
008 900227s1963 ii 000 0 sano
010 _asa 65007033
035 _a(OCoLC)21129819
040 _aDLC
_cWaU
_dDLC
041 0 _asanhin
042 _apremarc
050 0 0 _aPK3012
_b.S5
130 0 _aVedas.
_pR̥gveda.
_kSelections.
245 1 0 _aR̥k-sūkta-saṅgrahaḥ.
260 _c1963.
300 _a108, 432 p.
_c19 cm.
500 _aHindi and Sanskrit; introd. and notes in Hindi.
700 0 _aSāyaṇa,
_d-1387.
700 1 _aPeterson, Peter,
_d1847-1899.
700 1 _aŚāstrī, Haridatta,
_d1905-
999 _c65012
_d65012